Truyện ngắn Mỹ chọn lọc
v.v...
Đã lưu trong:
| Tác giả chính: | |
|---|---|
| Định dạng: | Sách |
| Năm xuất bản: |
H.
Thanh niên
1999
|
| Series: | Tủ sách tiền phong
|
| Chủ đề: | |
| Tags: |
Thêm thẻ
Không có thẻ, Hãy là người đầu tiên gắn thẻ bản ghi này!
|
| LEADER | 01228nam a2200229 4500 | ||
|---|---|---|---|
| 082 | |a 813 |b TR527ng | ||
| 100 | |a Lê Huy Bắc | ||
| 245 | |a Truyện ngắn Mỹ chọn lọc |c Lê Huy Bắc tuyển dich | ||
| 260 | |a H. |b Thanh niên |c 1999 | ||
| 300 | |a 238 tr. |c 18 cm. | ||
| 490 | |a Tủ sách tiền phong | ||
| 520 | |a v.v... | ||
| 653 | |a Văn học hiện đại | ||
| 653 | |a Mỹ | ||
| 653 | |a Truyện ngắn | ||
| 942 | |2 ddc |c STK0 | ||
| 999 | |c 3524 |d 3524 | ||
| 952 | |0 0 |1 0 |2 ddc |4 0 |6 813_000000000000000_RE527NG |7 1 |8 800 |9 37119 |a qbu |b qbu |c D5 |d 2014-12-16 |g 16000 |o 813 RE527ng |p 529.c1 |r 0000-00-00 |w 2014-12-16 |y STK0 | ||
| 952 | |0 0 |1 0 |2 ddc |4 0 |6 813_000000000000000_RE527NG |7 0 |8 800 |9 37120 |a qbu |b qbu |c D5 |d 2014-12-16 |g 16000 |o 813 RE527ng |p 529.c2 |r 2017-04-18 |w 2014-12-16 |y STK0 | ||
| 952 | |0 0 |1 0 |2 ddc |4 0 |6 813_000000000000000_RE527NG |7 0 |8 800 |9 37121 |a qbu |b qbu |c D5 |d 2014-12-16 |g 16000 |o 813 RE527ng |p 529.c3 |r 0000-00-00 |w 2014-12-16 |y STK0 | ||
| 952 | |0 0 |1 0 |2 ddc |4 0 |6 813_000000000000000_RE527NG |7 0 |8 800 |9 37122 |a qbu |b qbu |c D5 |d 2014-12-16 |g 16000 |o 813 RE527ng |p 529.c4 |r 0000-00-00 |w 2014-12-16 |y STK0 | ||
| 952 | |0 0 |1 0 |2 ddc |4 0 |6 813_000000000000000_RE527NG |7 0 |8 800 |9 37123 |a qbu |b qbu |c D5 |d 2014-12-16 |g 16000 |o 813 RE527ng |p 529.c5 |r 0000-00-00 |w 2014-12-16 |y STK0 | ||